Normal view
MARC view
- Liz,Soars تأليف;john م.مشارك
Entry Personal Name
001 - CONTROL NUMBER
- control field: 3478
003 - CONTROL NUMBER IDENTIFIER
- control field: JO-AjAnu
005 - DATE AND TIME OF LATEST TRANSACTION
- control field: 20230606070855.0
008 - FIXED-LENGTH DATA ELEMENTS
- fixed length control field: 230606|| aca||aabn | a|a d
040 ## - CATALOGING SOURCE
- Original cataloging agency: JO-AjAnu
- Transcribing agency: JO-AjAnu
100 ## - HEADING--PERSONAL NAME
- Personal name: Liz,Soars تأليف;john م.مشارك
670 ## - SOURCE DATA FOUND
- Source citation: Work cat.: (JO-AjAnu)1815: Liz,Soars تأليف;john م.مشارك, author, New Headway Plus :Intermediate Student's Book With Interactive Practice CD-ROM